00838nam a2200205 a 450000100100000000500170001000800410002704000250006808200220009310000220011524000420013724501790017925000110035826000390036930000210040850000280042970000380045795201200049599900170061500003699820200930080055.0120207s1973 sp a 000 0 spa d aDO-SdBNPbspacBNPHU axxxxbF962m, 19731 aFulcanelli96339314aLes demeures philosophaleslEspañol14aLas moradas filosofales :by el simbolismo hermetica en sus relaciones con el arte sagrado y el esoterrismo de la gran obra /cFulcanelli; traducción de Vicente Villacampa. a3a ed. aBarcelona :bPlaza & Janes,c1973. a507 p. ;c22 cm. aTraducido del francés1 aVillacampa, Vicente ,etr.913769 001050718MOaGRbGRcCTd2012-02-07iLF1l0oxxxx F962m, 1973p36998-10r2020-06-25w2020-06-25y1ZNo se presta c36488d36488